000 00427nam a2200169Ia 4500
008 240729s9999 xx 000 0 und d
245 0 _aJournal of Optometry
260 _aSpain
260 _bElsevier
650 _a Ophthalmology | Science
650 _a Optics. Light
650 _a Physics
650 _aMedicine
856 _uhttps://doaj.org/toc/51c03905f2024db980ecfb6bfab4520c
942 _2ddc
942 _cDOAJEJ
999 _c71653
_d71653
945 _a1
_bMadushi Gamage
_c1
_dMadushi Gamage